Quiz o Józefie Piłsudskim - Statystyki

Ogólne statystyki
  • Ten quiz został rozwiązany 357 razy
    324 od ostatniego zresetowania
  • Średni wynik to 11 z 21
Statystyki odpowiedzi
Pytanie Odpowiedzi % Poprawnych
Pod jakim zaborem się urodził? Rosyjski
87%
W którym roku się urodził? 1867
82%
W jakim mieście zmarł? Warszawa
62%
Jak się wabiła jego ulubiona klacz? Kasztanka
60%
Kim był jego największy rywal polityczny? Roman Dmowski
59%
Jakie nosi drugie imię? Klemens
58%
W której partii politycznej był jednym z liderów? PPS
57%
Gdzie został pochowany? Wawel
57%
W armii którego innego państwaniż Polska służył? Austro-Węgry
56%
Jakie Imię nosiła jegopierwsza żona? Maria
56%
Poprzez rzekomy spisek na kogo został aresztowany
w 1887 roku?
Cara Rosyjskiego
54%
Na jakim kierunku zaczął studiować, ale nie skończył? Medycyna
51%
Jaką funkcje pełnił Piłsudski w Polsce zanim wybrano prezydenta? Naczelnik
49%
Na jaki pojazd napadł w 1908 roku? Pociąg
46%
Jakie imię nosiła jego druga żona? Aleksandra
45%
Jaką funkcje w państwie Polskim pełnił dwukrotnie ?
Premier
43%
W jakiej miejscowości się urodził? Żułów
43%
Jakie imiona nosiły jego córki? Wanda
40%
Jakie imiona nosiły jego córki? Jadwiga
39%
Funkcje jakiego ministra pełnił trzykrotnie? Spraw Wojskowych
14%
Jaki unikalny tytuł sobie nadał? Pierwszy Marszałek Polski
12%
Nie znaleziono quizów pasujących do podanych kryteriów
Rozkład punktacji
Procent ludzi z każdym wynikiem
Percentyl według liczby udzielonych odpowiedzi
Twoja historia wyników
Nie rozwiązałeś tego quizu od ostatniego zresetowania